• AIU
  • Tony Wilmot Memorial Library

Boo tii koon : woa denaa Yezu Krita a ki. (Record no. 39986)

MARC details
000 -LEADER
fixed length control field 00703nam a22002051a 4500
005 - DATE AND TIME OF LATEST TRANSACTION
control field 20110718133134.0
008 - FIXED-LENGTH DATA ELEMENTS--GENERAL INFORMATION
fixed length control field 091005s1995 001 0 eng d
020 ## - INTERNATIONAL STANDARD BOOK NUMBER
International Standard Book Number 9966405275 :
Terms of availability 0.00
040 ## - CATALOGING SOURCE
Original cataloging agency NEGST Library - Kenya
050 #4 - LIBRARY OF CONGRESS CALL NUMBER
Classification number BS 325.S26 1995
082 0# - DEWEY DECIMAL CLASSIFICATION NUMBER
Classification number BS 325.S26 1995
100 1# - MAIN ENTRY--PERSONAL NAME
Personal name Alliance Biblique du Burkina Faso.
245 10 - TITLE STATEMENT
Title Boo tii koon : woa denaa Yezu Krita a ki.
260 ## - PUBLICATION, DISTRIBUTION, ETC. (IMPRINT)
Place of publication, distribution, etc Ouagadougou :
Name of publisher, distributor, etc Alliance Biblique du Bur,
Date of publication, distribution, etc 1995.
300 ## - PHYSICAL DESCRIPTION
Extent vi, 613 p. : ill.
500 ## - GENERAL NOTE
General note "Le Nouveau Testament en san (samo)." - T.p. verso. [Africana]
600 10 - SUBJECT ADDED ENTRY--PERSONAL NAME
Personal name Bible. N.T. Samo. 1995.
600 10 - SUBJECT ADDED ENTRY--PERSONAL NAME
Personal name Samo language - Texts.
852 ## - LOCATION/CALL NUMBER
-- 4.00
Holdings
Withdrawn status Lost status Source of classification or shelving scheme Damaged status Not for loan Collection code Home library Current library Shelving location Date acquired Cost, normal purchase price Full call number Barcode Date last seen Price effective from Koha item type
    Library of Congress Classification     Reference AIU/NEGST - Tony Wilmot Memorial Library AIU/NEGST - Tony Wilmot Memorial Library Reference 10/05/2009 20.00 REF BS 325.S26 1995 R36603W3232 10/25/2023 10/05/2009 Africana collection ( Reference)